00509nam a22001697a 4500003000400000008004100004082001600045100002700061245012500088260003900213300001000252502001700262650001300279650002500292650001100317650001100328OSt260505b |||||||| |||| 00| 0 eng d a633.3bS48S aSingh, Jitendra Kumar. aStudies on Planting Pattern and Fertility Management in Yambean + Arhar Intercropping System / cby Jitendra Kumar Singh a.- Pusa, Samastipurb: RAUc, 2004 a137p. bPh. D.d2004 aAgronomy aIntercropping System aThesis aPh. D.